000 00672nam a2200229Ii 4500
003 JO-AjNU
008 230605s9999||||xx |||||||||||||| ||und||
017 _a2012/12/4512
020 _a978-9957-49-046-1
040 _aJO-AjNU
_bara
_erda
_cJO-AjNU
041 _aara
050 1 4 _aPJ7859 2013
100 3 _aالمومني، مسيد,
_eauthor
_957479
245 0 0 _aمسافات مفتعلة
250 _aط1
264 3 1 _aعمان: وزارة الثقافه،2013
300 _a164ص
336 _atext
_btxt
_2rdacontent
337 _aunmediated
_bn
_2rdamedia
338 _avolume
_bnc
_2rdacarrier
650 4 _aقصص عربيه-العصر الحديث
_957480
999 _aA25762
_c29330
_d29330